000 00380cam a2200157ua 4500
003 OSt
005 20260221113133.0
008 260221b |||||||| |||| 00| 0 eng d
041 _aeng
082 _a630.33
_bCOH/EC
100 _aCohen, R L .
_97883
245 _aEconomics of agriculture /
260 _aCambridge :
_bDigswell place ,
_c1959.
300 _a216 ; .
942 _cBK
999 _c9374
_d9374